000
00476nam a2200181Ia 4500
008
090124s9999 xx 000 0 und d
082
_b
10758
_a
2547
100
_a
मिरासदार द.मा.
245
_a
ताजवा
250
_a
1
260
_c
1959
300
_a
156
600
_a
मिरासदार द.मा.
630
_a
ताजवा
700
_a
मिरासदार द.मा.
730
_a
ताजवा
942
_c
BOOK
999
_c
124902
_d
124902